00655nam a22002057a 450000500170000001000150001702000270003203500130005903700130007208200110008510000200009624500870011625000110020326000440021427000710025830000270032950000490035665000150040565000290042020100814112122.0 aENG-100164 c1595.00a9788185578842 aEN-83696 bDBAD/PUB a617.89 aBiswas, Anirban aClinical audio-vestibulometry for otologists and neurologists /cby Anirban Biswas a4th ed aMumbai bBhalani Publishing Housec2009 a11 Mavawala Building Opp. K. E. M. Hospital ParelbMumbai e400012 axii, 272p.:c29cm (Hb) aIncludes bibliogaphical references and index aAudiometry aVestifular function test